Vista normal Vista MARC

Entrada Topical Term

Número de registros utilizados en: 4

001 - CONTROL NUMBER

  • control field: 3661

003 - CONTROL NUMBER IDENTIFIER

  • control field: OSt

005 - DATE AND TIME OF LATEST TRANSACTION

  • control field: 20230915225529.0

008 - FIXED-LENGTH DATA ELEMENTS

  • fixed length control field: 230915|| aca||aabn | a|a d

040 ## - CATALOGING SOURCE

  • Original cataloging agency: OSt
  • Transcribing agency: OSt

150 ## - HEADING--TOPICAL TERM

  • Topical term or geographic name entry element: Cinizal Arevalo, Alva Valentina

670 ## - SOURCE DATA FOUND

  • Source citation: Work cat.: (OSt)17337: Palacios Sierra, Margarita 3660, Leer para aprender / , 1997









Instituto Departamental de Cultura del Meta - Red Departamental de Bibliotecas Públicas del Meta.